US airlines by hubs - Statistics

General Stats
  • This quiz has been taken 85 times
  • The average score is 11 of 15
Answer Stats
Hint Answer % Correct
ATL, SLC, BOS, SEA, MSP, DTW Delta
100%
DAL, HOU Southwest
98%
ORD, DEN, EWR, SFO United
98%
SEA, PDX, SFO, LAX, ANC Alaska
96%
PHX, PHL, MIA, DFW, CLT American
94%
HNL Hawaiian
90%
LAX, LGB, JFK, BOS, MCO, FLL Jetblue
87%
LAS, RNO, LAX, DAL, OAK, BUR, SAN, SNA JSX
87%
LAS, MCO, IAH Spirit
87%
LAS, DEN Frontier
85%
LAS Allegiant
69%
LAX, MSP Sun Country
63%
STA, BUR, MCO, WIL Avelo
42%
MCO Breeze
37%
PHX Contour
12%
No matching quizzes found
Score Distribution
Percent of People with Each Score
Percentile by Number Answered
Your Score History
You have not taken this quiz